000 00652nam a22002297a 4500
005 20221031162504.0
008 221031b ||||| |||| 00| 0 eng d
040 _cAL
041 _aEnglish
082 _223
_a329.87
_bSURN
100 _aSuramouli
_960658
245 _aNational Convention of Socialists 1993 March 20-21
260 _aHyderabad
_bReception Committee
_c1993
300 _a86 p.
_bPB
_c24x18.5 cm.
650 _aSocialism
_960659
650 _aSocialist Workers Party
_960660
650 _aSocialists
_960661
650 _aSecularism
_960662
700 _aSURAMOULI
_960663
700 _aSOMAYYA (Ravela)
_960664
942 _2ddc
_cGF
999 _c224967
_d224967